000 00656nam a2200205Ii 4500
003 JO-AjNU
008 230605s9999||||xx |||||||||||||| ||und||
040 _aJO-AjNU
_bara
_erda
_cJO-AjNU
041 _aara
050 1 4 _aBP144.2007
100 3 _aبن محمود (عويضة) ، ابي إياس محمود بن عبد اللطيف,
_eauthor
_964148
245 0 0 _aمسائل فقهية مختارة
250 _aط1
264 3 1 _aعمان: دار الوضاح، 2007
300 _a251ص
336 _atext
_btxt
_2rdacontent
337 _aunmediated
_bn
_2rdamedia
338 _avolume
_bnc
_2rdacarrier
650 4 _aالفقه الاسلامي
_964149
999 _aA29135
_c32703
_d32703